| 000 | 01519nam a2200349 a 4500 | ||
|---|---|---|---|
| 001 | ebr10022291 | ||
| 003 | CaPaEBR | ||
| 006 | m u | ||
| 007 | cr cn||||||||| | ||
| 008 | 020619s2002 ne a sb 001 0 eng | ||
| 010 | _z 2002074683 | ||
| 020 | _z9027216959 (Eur.) | ||
| 020 | _z9027216967 (Eur.) | ||
| 020 | _z1588112535 (U.S. : Hb : alk. paper) | ||
| 020 | _z1588112543 (U.S. : pbk. : alk. paper) | ||
| 040 |
_aCaPaEBR _cCaPaEBR |
||
| 035 | _a(OCoLC)179095972 | ||
| 050 | 1 | 4 |
_aP118.2 _b.P66 2002eb |
| 082 | 0 | 4 |
_a418/.007/2 _221 |
| 100 | 1 | _aPorte, Graeme Keith. | |
| 245 | 1 | 0 |
_aAppraising research in second language learning _h[electronic resource] : _ba practical approach to critical analysis of quantitative research / _cGraeme Keith Porte. |
| 260 |
_aAmsterdam ; _aPhiladelphia : _bJohn Benjamins Pub., _cc2002. |
||
| 300 |
_axx, 267 p. : _bill. |
||
| 490 | 1 |
_aLanguage learning and language teaching ; _vv. 3 |
|
| 504 | _aIncludes bibliographical references (p. [261]-262) and index. | ||
| 533 |
_aElectronic reproduction. _bPalo Alto, Calif. : _cebrary, _d2013. _nAvailable via World Wide Web. _nAccess may be limited to ebrary affiliated libraries. |
||
| 650 | 0 |
_aSecond language acquisition _xResearch _xMethodology. |
|
| 655 | 7 |
_aElectronic books. _2local |
|
| 710 | 2 | _aebrary, Inc. | |
| 830 | 0 |
_aLanguage learning and language teaching ; _vv. 3. |
|
| 856 | 4 | 0 |
_uhttp://site.ebrary.com/lib/rucke/Doc?id=10022291 _zAn electronic book accessible through the World Wide Web; click to view |
| 999 |
_c24548 _d24548 |
||